Equality and diversity (Record no. 112461)

MARC details
000 -LEADER
fixed length control field 00997cad a22002295a 4500
001 - CONTROL NUMBER
control field L153307
008 - FIXED-LENGTH DATA ELEMENTS--GENERAL INFORMATION
fixed length control field 110708s2011 xxk f 000 0 eng d
020 ## - INTERNATIONAL STANDARD BOOK NUMBER
International Standard Book Number 9781842063804
035 ## - SYSTEM CONTROL NUMBER
System control number (Sirsi) u153307
041 0# - LANGUAGE CODE
Language code of text/sound track or separate title eng
100 1# - MAIN ENTRY--PERSONAL NAME
Personal name Peters, Jan
110 2# - MAIN ENTRY--CORPORATE NAME
Corporate name or jurisdiction name as entry element Equality and Human Rights Commission
9 (RLIN) 5366
245 00 - TITLE STATEMENT
Title Equality and diversity
Remainder of title good practice for the construction sector
Medium [electronic resource]
260 ## - PUBLICATION, DISTRIBUTION, ETC.
Place of publication, distribution, etc. [S.l.]
Name of publisher, distributor, etc. Equality and Human Rights Commission
Date of publication, distribution, etc. 2011
520 ## - SUMMARY, ETC.
Summary, etc. Suggests that while there are examples of progress in diversity in construction, improving performance could lead to competitive advantage and better business results.
590 ## - LOCAL NOTE (RLIN)
Local note KA NTK
651 #4 - SUBJECT ADDED ENTRY--GEOGRAPHIC NAME
Geographic name United Kingdom
Chronological subdivision
690 ## - LOCAL SUBJECT ADDED ENTRY--TOPICAL TERM (OCLC, RLIN)
Topical term or geographic name as entry element MANAGEMENT-BUSINESS MANAGEMENT-DISCRIMINATION
700 1# - ADDED ENTRY--PERSONAL NAME
Personal name Allison, Melanie
856 40 - ELECTRONIC LOCATION AND ACCESS
Uniform Resource Identifier <a href="https://www.equalityhumanrights.com/uploaded_files/research/ed_report_construction_sector.pdf">https://www.equalityhumanrights.com/uploaded_files/research/ed_report_construction_sector.pdf</a>
Public note View this item free of charge at www.equalityhumanrights.com
942 ## - ADDED ENTRY ELEMENTS (KOHA)
Suppress in OPAC 0
Holdings
Withdrawn status Lost status Source of classification or shelving scheme Damaged status Not for loan Home library Current library Shelving location Date acquired Total Checkouts Full call number Barcode Date last seen Copy number Price effective from Koha item type
    Dewey Decimal Classification     Virtual Virtual Online 08/07/2011   ONLINE PUBLICATION 153307-1001 06/08/2019 1 06/08/2019 Book